[Event "NATO-ch 34th"]
[Site "Rhodes"]
[Date "2024.10.24"]
[Round "5"]
[White "Casteleijn, Diederick"]
[Black "Michalski, Daniel"]
[Result "1/2-1/2"]
[WhiteElo "2128"]
[BlackElo "2011"]
[PlyCount "78"]
[EventDate "2024.10.21"]
[EventType "swiss"]
[EventRounds "7"]
[EventCountry "GRE"]
[SourceTitle "CB44_2024"]
[Source "Chessbase"]
[SourceDate "2024.10.30"]
[SourceVersion "1"]
[SourceVersionDate "2024.10.30"]
[SourceQuality "1"]

1. e4 e5 2. Nf3 Nc6 3. Bc4 Nf6 4. Ng5 d5 5. exd5 Na5 6. Bb5+ c6 7. dxc6 bxc6 8. Qf3 Bd7 9. Bd3 h6 10. Ne4 Nd5 11. Ng3 g6 12. 0-0 Bg7 13. Nc3 Nf4 14. b4 Nb7 15. b5 Qc7 16. Be4 Nd6 17. bxc6 Be6 18. a4 f5 19. Bd5 Nxd5 20. Nxd5 Qf7 21. Nc3 e4 22. Qe3 0-0 23. Qc5 Rfd8 24. Rb1 Rac8 25. Nb5 Nc4 26. c7 Rd7 27. Qxa7 Be5 28. Qb7 Rcxc7 29. Nxc7 Bxc7 30. d3 Kh7 31. dxc4 Bxg3 32. Qa8 Ra7 33. Qd8 Rd7 34. Qa5 Bc7 35. Qc3 Bxc4 36. Bb2 g5 37. Rfd1 Bxh2+ 38. Kh1 Rxd1+ 39. Rxd1 Be5 1/2-1/2

[Event "NATO-ch 31st"]
[Site "Blankenberge"]
[Date "2021.10.14"]
[Round "5.17"]
[White "Van Run, Rieke"]
[Black "Michalski, Daniel"]
[Result "1-0"]
[WhiteElo "2051"]
[BlackElo "1996"]
[PlyCount "85"]
[EventDate "2021.10.11"]
[EventType "team-swiss"]
[EventRounds "7"]
[EventCountry "BEL"]
[SourceTitle "CBM 204 Extra"]
[Source "ChessBase"]
[SourceDate "2021.11.30"]
[SourceVersion "1"]
[SourceVersionDate "2021.11.30"]
[SourceQuality "1"]
[WhiteTeam "Netherlands"]
[BlackTeam "NATO"]
[WhiteTeamCountry "NED"]

1. e4 e6 2. d4 d5 3. exd5 exd5 4. Nf3 Bd6 5. Bd3 Ne7 6. Bg5 Nbc6 7. c3 Bg4 8. Nbd2 Qd7 9. Qc2 f6 10. Bh4 Bf5 11. Bg3 Bxd3 12. Qxd3 Qf5 13. Qxf5 Nxf5 14. Bxd6 Nxd6 15. 0-0-0 Kf7 16. Ne1 Rhe8 17. Nd3 b6 18. Rde1 Rxe1+ 19. Rxe1 Re8 20. Rxe8 Kxe8 21. Nf4 Ne7 22. Ne6 g5 23. Nxc7+ Kd7 24. Na6 Ng6 25. Nb4 Ke6 26. Nd3 Nh4 27. g3 Ng2 28. Kd1 Kf5 29. Ke2 Kg4 30. Nb4 Kh3 31. Nxd5 f5 32. c4 h5 33. c5 bxc5 34. dxc5 Nc8 35. Nf1 h4 36. b4 f4 37. gxf4 gxf4 38. b5 Kg4 39. a4 Kf5 40. b6 axb6 41. cxb6 Nd6 42. a5 Ke6 43. a6 1-0

[Event "NATO-ch 30th"]
[Site "Berlin"]
[Date "2019.09.16"]
[Round "1.44"]
[White "Michalski, Daniel"]
[Black "Charles, Freddy"]
[Result "1-0"]
[WhiteElo "2024"]
[BlackElo "1655"]
[PlyCount "81"]
[EventDate "2019.09.14"]
[EventType "team-swiss"]
[EventRounds "7"]
[EventCountry "GER"]
[SourceTitle "EXT 2020"]
[Source "ChessBase"]
[SourceDate "2019.10.17"]
[SourceVersion "1"]
[SourceVersionDate "2019.10.17"]
[SourceQuality "1"]
[WhiteTeam "NATO IV"]
[BlackTeam "NATO"]

1. d4 Nf6 2. c4 d6 3. Nc3 e5 4. e4 c6 5. Be2 Be7 6. Nf3 Nbd7 7. 0-0 0-0 8. b3 Re8 9. Qc2 Bf8 10. Rd1 Qc7 11. Bb2 exd4 12. Nxd4 Nc5 13. f3 Ne6 14. Bf1 Nxd4 15. Rxd4 d5 16. Rdd1 dxe4 17. Nxe4 Nxe4 18. fxe4 Bg4 19. Be2 Bxe2 20. Qxe2 Re6 21. Qf3 Bd6 22. h3 Be5 23. Bxe5 Qxe5 24. Qf5 Qxe4 25. Qxe4 Rxe4 26. Rd7 b5 27. cxb5 cxb5 28. Rf1 f6 29. Rc1 a5 30. Rcc7 Re2 31. Rxg7+ Kh8 32. Rxh7+ Kg8 33. Rcg7+ Kf8 34. Rb7 Kg8 35. Rhg7+ Kh8 36. Rgf7 Rxa2 37. Rxb5 Rb2 38. Rxf6 Kg7 39. Rf2 Rb1+ 40. Kh2 a4 41. bxa4 1-0

[Event "POL-ch rapid"]
[Site "Zgierz"]
[Date "2017.01.08"]
[Round "6"]
[White "Michalski, Olaf"]
[Black "Michalski, Daniel"]
[Result "1/2-1/2"]
[WhiteElo "2275"]
[BlackElo "2077"]
[PlyCount "72"]
[EventDate "2017.01.08"]
[EventType "swiss (rapid)"]
[EventRounds "9"]
[EventCountry "POL"]
[SourceTitle "CBM 176 Extra"]
[Source "ChessBase"]
[SourceDate "2017.03.02"]
[SourceVersion "1"]
[SourceVersionDate "2017.03.02"]
[SourceQuality "1"]

1. Nf3 Nf6 2. g3 g6 3. Bg2 Bg7 4. 0-0 d5 5. d3 0-0 6. Nbd2 b6 7. c3 a5 8. Ne5 Bb7 9. Ndf3 c5 10. Qa4 Nfd7 11. Nxd7 Nxd7 12. e4 dxe4 13. dxe4 Qc7 14. Bf4 Qc6 15. Qxc6 Bxc6 16. Nd2 b5 17. Rfe1 c4 18. a4 b4 19. e5 Bxg2 20. Kxg2 bxc3 21. bxc3 g5 22. Bxg5 Nxe5 23. Bxe7 Rfe8 24. Bg5 h6 25. Bf4 Nd3 26. Rxe8+ Rxe8 27. Nxc4 Nxf4+ 28. gxf4 Bxc3 29. Ra3 Bb4 30. Re3 Rc8 31. Ne5 Rc2 32. Nd3 Ra2 33. Nxb4 axb4 34. Re8+ Kg7 35. Ra8 b3 36. Rb8 Rxa4 1/2-1/2

[Event "NATO-ch 26th"]
[Site "Amsterdam"]
[Date "2015.07.07"]
[Round "3.5"]
[White "Andersen, Hans Christoph"]
[Black "Michalski, Daniel"]
[Result "1/2-1/2"]
[WhiteElo "2228"]
[BlackElo "2112"]
[PlyCount "61"]
[EventDate "2015.07.06"]
[EventType "swiss"]
[EventRounds "7"]
[EventCountry "NED"]
[SourceTitle "EXT 2016"]
[Source "ChessBase"]
[SourceDate "2015.10.08"]
[SourceVersion "1"]
[SourceVersionDate "2015.10.08"]
[SourceQuality "1"]
[WhiteTeam "Germany"]
[BlackTeam "NATO"]
[WhiteTeamCountry "GER"]

1. d4 Nf6 2. c4 g6 3. Nc3 d5 4. cxd5 Nxd5 5. e4 Nxc3 6. bxc3 Bg7 7. Nf3 c5 8. Be3 0-0 9. Rc1 Bg4 10. Be2 Qa5 11. Qd2 e6 12. d5 exd5 13. exd5 c4 14. 0-0 Nd7 15. h3 Bxf3 16. Bxf3 Ne5 17. Be2 Rfd8 18. Rfd1 Nd3 19. Bxd3 Rxd5 20. Qb2 Rb5 21. Qc2 cxd3 22. Rxd3 Rd5 23. Rxd5 Qxd5 24. Qb3 Qc6 25. c4 h5 26. Qb5 Rc8 27. Qxc6 Rxc6 28. Bxa7 Ra6 29. Be3 Rxa2 30. Rb1 Ra1 31. Rxa1 1/2-1/2

[Event "NATO-ch 26th"]
[Site "Amsterdam"]
[Date "2015.07.06"]
[Round "1.23"]
[White "Echavarria Hidalgo, Fernando"]
[Black "Michalski, Daniel"]
[Result "0-1"]
[WhiteElo "1813"]
[BlackElo "2112"]
[PlyCount "64"]
[EventDate "2015.07.06"]
[EventType "swiss"]
[EventRounds "7"]
[EventCountry "NED"]
[SourceTitle "EXT 2016"]
[Source "ChessBase"]
[SourceDate "2015.10.08"]
[SourceVersion "1"]
[SourceVersionDate "2015.10.08"]
[SourceQuality "1"]
[WhiteTeam "Canada"]
[BlackTeam "NATO"]
[WhiteTeamCountry "CAN"]

1. Nf3 Nf6 2. c4 g6 3. b4 a5 4. b5 d5 5. cxd5 Bg7 6. Bb2 0-0 7. e3 Nbd7 8. a4 Nb6 9. Ra3 Nbxd5 10. Rd3 Bf5 11. Rb3 Nb4 12. Nd4 Be4 13. Nc3 Bd3 14. Bxd3 Nxd3+ 15. Ke2 Nb4 16. d3 e5 17. Nc2 Nbd5 18. Re1 Nxc3+ 19. Rxc3 Nd5 20. Ra3 Qh4 21. h3 Rfd8 22. Kf1 c5 23. Qe2 Nb4 24. Rc1 e4 25. d4 Nd3 26. Rb1 Rac8 27. Ba1 Rd5 28. Kg1 Rg5 29. Kf1 Rf5 30. f3 exf3 31. Qxd3 fxg2+ 32. Kg1 Qf2+ 0-1

[Event "NATO-ch 25th"]
[Site "Quebec"]
[Date "2014.09.09"]
[Round "3"]
[White "Michalski, Daniel"]
[Black "Andersen, Hans Christoph"]
[Result "0-1"]
[WhiteElo "2090"]
[BlackElo "2223"]
[PlyCount "128"]
[EventDate "2014.09.08"]
[EventType "team-swiss"]
[EventRounds "7"]
[EventCountry "CAN"]
[SourceTitle "EXT 2015"]
[Source "ChessBase"]
[SourceDate "2014.11.20"]
[SourceVersion "1"]
[SourceVersionDate "2014.11.20"]
[SourceQuality "1"]
[WhiteTeam "Poland"]
[BlackTeam "Germany"]
[WhiteTeamCountry "POL"]
[BlackTeamCountry "GER"]

1. d4 f5 2. Nf3 Nf6 3. g3 g6 4. Bg2 Bg7 5. c4 0-0 6. b3 d6 7. Bb2 Qe8 8. 0-0 Na6 9. Nbd2 Rb8 10. Qc2 b5 11. cxb5 Qxb5 12. Rac1 Bd7 13. Qc4+ Qxc4 14. Nxc4 Ne4 15. Rfd1 c5 16. dxc5 Bxb2 17. Nxb2 Naxc5 18. Nc4 Rfc8 19. h4 Kg7 20. Ng5 Bc6 21. Rc2 Nxg5 22. Bxc6 Rxc6 23. hxg5 Ne4 24. Rdc1 Rbc8 25. Ne3 Rxc2 26. Rxc2 Rxc2 27. Nxc2 Nc3 28. a4 Nxe2+ 29. Kf1 Nc1 30. b4 Kf7 31. Nd4 Ke8 32. Nc6 Kd7 33. Nxa7 Na2 34. b5 Nc3 35. a5 Kc7 36. Nc6 e5 37. Ne7 Nxb5 38. Nd5+ Kb7 39. Nf6 Nd4 40. Nxh7 Ne6 41. Nf6 Nxg5 42. Nd7 Ne6 43. Nb6 e4 44. Nd5 Ka6 45. Ne7 Nf8 46. Ke2 Kxa5 47. Ke3 Kb6 48. g4 fxg4 49. Kxe4 Kc5 50. Kf4 d5 51. Kxg4 d4 52. Kf3 Kc4 53. Ke2 g5 54. Nf5 Kc3 55. Kd1 Kd3 56. Nd6 Ne6 57. Nf7 Kc3 58. Nd6 Nc5 59. f3 Kd3 60. Nf5 Ne6 61. Ke1 Kc2 62. Kf2 d3 63. Nd4+ Nxd4 64. f4 d2 0-1

[Event "NATO-ch 25th"]
[Site "Quebec"]
[Date "2014.09.08"]
[Round "1"]
[White "Michalski, Daniel"]
[Black "Middaugh, Jon S"]
[Result "1-0"]
[WhiteElo "2090"]
[BlackElo "1767"]
[PlyCount "65"]
[EventDate "2014.09.08"]
[EventType "team-swiss"]
[EventRounds "7"]
[EventCountry "CAN"]
[SourceTitle "EXT 2015"]
[Source "ChessBase"]
[SourceDate "2014.11.20"]
[SourceVersion "1"]
[SourceVersionDate "2014.11.20"]
[SourceQuality "1"]
[WhiteTeam "Poland"]
[BlackTeam "United States"]
[WhiteTeamCountry "POL"]
[BlackTeamCountry "USA"]

1. d4 Nf6 2. Nf3 d5 3. c4 e6 4. g3 c6 5. Nbd2 Qa5 6. c5 b6 7. cxb6 Qxb6 8. Bg2 c5 9. 0-0 Nc6 10. dxc5 Bxc5 11. Nb3 0-0 12. Nxc5 Qxc5 13. Be3 Qb5 14. Rc1 Ne4 15. Nd2 Nxd2 16. Qxd2 Ba6 17. Bc5 Rfc8 18. Rfe1 Ne5 19. Bd4 Nc6 20. Bc3 h6 21. Qf4 Qb8 22. Qg4 Ne5 23. Qh5 Nc6 24. Red1 Qb6 25. Qg4 g6 26. Qh4 Qd8 27. Qxh6 e5 28. Bxd5 Qf8 29. Qxg6+ Qg7 30. Qxg7+ Kxg7 31. Bxc6 Bxe2 32. Bxe5+ Kf8 33. Re1 1-0

[Event "Polanica Zdroj op-B 48th"]
[Site "Polanica Zdroj"]
[Date "2012.08.18"]
[Round "1"]
[White "Michalski, Daniel"]
[Black "Duch, Mariusz"]
[Result "1-0"]
[WhiteElo "2138"]
[BlackElo "2255"]
[PlyCount "95"]
[EventDate "2012.08.18"]
[EventType "swiss"]
[EventRounds "9"]
[EventCountry "POL"]
[SourceTitle "EXT 2014"]
[Source "ChessBase"]
[SourceDate "2013.11.20"]
[SourceVersion "1"]
[SourceVersionDate "2013.11.20"]
[SourceQuality "1"]

1. d4 d5 2. Nf3 Nf6 3. c4 e6 4. g3 Bb4+ 5. Bd2 Bxd2+ 6. Nbxd2 0-0 7. Bg2 c6 8. 0-0 Nbd7 9. Qc2 Qe7 10. e4 dxe4 11. Nxe4 Nxe4 12. Qxe4 Nf6 13. Qf4 Rd8 14. Rad1 Qd6 15. Ne5 Bd7 16. Rd3 Be8 17. Rfd1 Nd7 18. c5 Qc7 19. Qe3 Nf6 20. Nc4 Nd5 21. Bxd5 Rxd5 22. Nd6 b5 23. Re1 Bd7 24. f4 f5 25. Qf3 Rf8 26. Re5 Rf6 27. Rxd5 cxd5 28. Ra3 a5 29. Qe2 b4 30. Re3 Qc6 31. a3 Qa4 32. Qd2 Rf8 33. axb4 axb4 34. Re1 Ra8 35. Rc1 Ra6 36. Kf2 Ra8 37. Qc2 Qc6 38. Qd1 Ra2 39. Qb3 Ra4 40. Re1 g6 41. Qe3 Ra8 42. Qe5 Rf8 43. Ra1 Ra8 44. Qf6 Rf8 45. Qe7 Qc7 46. Ra6 Rb8 47. Rb6 Rd8 48. Nf7 1-0

[Event "POL-chT 2nd div South"]
[Site "Polanica Zdroj"]
[Date "1999.??.??"]
[Round "8"]
[White "Michalski, Daniel"]
[Black "Betkowski, Andrzej"]
[Result "1/2-1/2"]
[WhiteElo "2137"]
[BlackElo "2211"]
[PlyCount "40"]
[EventDate "1999.09.17"]
[EventType "team-swiss"]
[EventRounds "10"]
[EventCountry "POL"]
[SourceTitle "EXT 2001"]
[Source "ChessBase"]
[SourceDate "2000.11.22"]
[SourceVersion "1"]
[SourceVersionDate "2000.11.22"]
[SourceQuality "1"]
[WhiteTeam "POL-chT 2nd div South 22"]
[BlackTeam "POL-chT 2nd div South 08"]
[WhiteTeamCountry "POL"]
[BlackTeamCountry "POL"]

1. d4 f5 2. c4 Nf6 3. Nf3 g6 4. g3 Bg7 5. Bg2 0-0 6. Nc3 d6 7. 0-0 Nc6 8. d5 Ne5 9. Nxe5 dxe5 10. e4 f4 11. gxf4 Nh5 12. f5 Nf4 13. Bxf4 exf4 14. Re1 Be5 15. Bh3 Qd6 16. Qd3 Rf7 17. Kh1 g5 18. Rg1 Rg7 19. Qe2 Bd7 20. f3 h5 1/2-1/2

[Event "POL-chT 2nd div South"]
[Site "Polanica Zdroj"]
[Date "1999.??.??"]
[Round "1"]
[White "Michalski, Daniel"]
[Black "Pfranger, Adam"]
[Result "1/2-1/2"]
[WhiteElo "2137"]
[BlackElo "2150"]
[PlyCount "40"]
[EventDate "1999.09.17"]
[EventType "team-swiss"]
[EventRounds "10"]
[EventCountry "POL"]
[SourceTitle "EXT 2001"]
[Source "ChessBase"]
[SourceDate "2000.11.22"]
[SourceVersion "1"]
[SourceVersionDate "2000.11.22"]
[SourceQuality "1"]
[WhiteTeam "POL-chT 2nd div South 22"]
[BlackTeam "POL-chT 2nd div South 26"]
[WhiteTeamCountry "POL"]
[BlackTeamCountry "POL"]

1. d4 Nf6 2. Nf3 g6 3. c4 Bg7 4. Nc3 0-0 5. e4 d6 6. Be2 e5 7. d5 Na6 8. 0-0 Nc5 9. Qc2 a5 10. Bg5 h6 11. Be3 b6 12. Nd2 h5 13. a3 a4 14. Bxc5 bxc5 15. Nxa4 Bh6 16. Nc3 Ne8 17. b4 Qg5 18. f4 exf4 19. Nf3 Qe7 20. bxc5 dxc5 1/2-1/2

[Event "Bytom op"]
[Site "Bytom"]
[Date "1995.??.??"]
[Round "?"]
[White "Helis, Tadeusz"]
[Black "Michalski, Daniel"]
[Result "0-1"]
[WhiteElo "2235"]
[BlackElo "2100"]
[PlyCount "167"]
[EventDate "1995.??.??"]
[EventType "swiss"]
[EventRounds "9"]
[EventCountry "POL"]
[SourceTitle "EXT 1997"]
[Source "ChessBase"]
[SourceDate "1996.11.15"]
[SourceVersion "1"]
[SourceVersionDate "1996.11.15"]
[SourceQuality "1"]

1. d4 Nf6 2. Nf3 g6 3. Bg5 Bg7 4. e3 0-0 5. Bd3 c5 6. Nbd2 Nc6 7. c3 d5 8. 0-0 b6 9. Qe2 h6 10. Bf4 Nh5 11. Be5 Nxe5 12. Nxe5 Bxe5 13. dxe5 Ng7 14. Rad1 Qc7 15. f4 h5 16. h3 Nf5 17. Kh2 c4 18. Bxf5 Bxf5 19. e4 dxe4 20. Nxe4 Rad8 21. Nf2 Rxd1 22. Rxd1 Rd8 23. g4 Rxd1 24. Qxd1 hxg4 25. hxg4 Bc8 26. Qd5 Bb7 27. Qb5 a6 28. Qe8+ Kg7 29. Qa4 b5 30. Qd1 Qc6 31. Qh1 Qd7 32. Qd1 Qc6 33. Qh1 Qc5 34. Qe1 Qd5 35. Qg1 Qd2 36. Qg3 Qxb2 37. f5 Qe2 38. Qf4 gxf5 39. gxf5 Qh5+ 40. Nh3 Qh6 41. Qd4 Kh7 42. Kg3 Qg7+ 43. Kf4 Qg2 44. Ng5+ Kg7 45. Qd8 Qh2+ 46. Kg4 Qg2+ 47. Kf4 Qh2+ 48. Kg4 Qxe5 49. Qh8+ Kxh8 50. Nxf7+ Kg7 51. Nxe5 b4 52. cxb4 c3 53. Nd3 Be4 54. Nc1 Kf6 55. Kf4 Bxf5 56. Ke3 Ke5 57. Ne2 c2 58. Kd2 Kd5 59. Kc3 e5 60. Nc1 Bg6 61. a3 Kc6 62. Kc4 Kb6 63. a4 Kc6 64. Ne2 Bh5 65. Nc1 Bd1 66. Na2 Kd6 67. Kd3 Kd5 68. Nc3+ Ke6 69. Kd2 Kd6 70. Kc1 Kc6 71. Kb2 Bg4 72. Kxc2 Bf5+ 73. Kd2 Bg6 74. Nd1 Kd5 75. Kc3 Be8 76. a5 Bb5 77. Nf2 Ke6 78. Ne4 Bf1 79. Kc2 Kd5 80. Nd2 Bb5 81. Kc3 Ke6 82. Ne4 Kd5 83. Ng3 Ke6 84. Kb3 0-1

[Event "Bytom op"]
[Site "Bytom"]
[Date "1995.??.??"]
[Round "?"]
[White "Shilov, Sergej"]
[Black "Michalski, Daniel"]
[Result "1-0"]
[WhiteElo "2255"]
[BlackElo "2100"]
[PlyCount "81"]
[EventDate "1995.??.??"]
[EventType "swiss"]
[EventRounds "9"]
[EventCountry "POL"]
[SourceTitle "EXT 1997"]
[Source "ChessBase"]
[SourceDate "1996.11.15"]
[SourceVersion "1"]
[SourceVersionDate "1996.11.15"]
[SourceQuality "1"]

1. e4 d5 2. exd5 Qxd5 3. Nc3 Qa5 4. d4 Nf6 5. Nf3 Nc6 6. Bb5 Ne4 7. 0-0 Nxc3 8. Bxc6+ bxc6 9. bxc3 Bf5 10. Bd2 e6 11. c4 Qa4 12. d5 cxd5 13. cxd5 Bd6 14. dxe6 fxe6 15. Bc3 0-0 16. Nd4 Qc4 17. Nxf5 exf5 18. Qd4 Qxd4 19. Bxd4 c5 20. Bc3 Rfe8 21. Rfd1 Be5 22. Rd3 Bxc3 23. Rxc3 Re5 24. Rb1 Rae8 25. Kf1 Rd8 26. g3 f4 27. Rb7 Rd2 28. Rf3 Rxc2 29. Rxf4 g5 30. Rff7 Rxa2 31. Rg7+ Kh8 32. Rxh7+ Kg8 33. Rhc7 Rf5 34. Rb8+ Rf8 35. Rxf8+ Kxf8 36. Rxc5 a5 37. Rxg5 a4 38. Ra5 a3 39. Ra7 Ra1+ 40. Kg2 a2 41. h4 1-0